000 00229nam a2200097Ia 4500
008 190216s9999||||xx |||||||||||||| ||und||
100 _aMoulana Moududi
245 0 _aIslam Matham
260 _bIslamic Publishing House
942 _cBK
999 _c21968
_d21968